| 000 | 01768cam a2200409 i 4500 | ||
|---|---|---|---|
| 001 | 4994602 | ||
| 003 | EG-ScBUE | ||
| 005 | 20241218104241.0 | ||
| 008 | 990129s2000 enka f b 001 0 eng d | ||
| 020 | _a9780521645911 | ||
| 020 | _a0521645913 (pbk.) | ||
| 040 |
_aDLC _beng _erda _cDLC _dDLC _dEG-ScBUE |
||
| 041 | 1 |
_aeng _hfre |
|
| 082 | 0 | 4 |
_a523.6 _222 _bCRO |
| 100 | 1 |
_aCrovisier, Jacques, _d1948- _eauthor. |
|
| 240 | 1 | 0 |
_aComètes. _lEnglish |
| 245 | 1 | 0 |
_aComet science : _bthe study of remnants from the birth of the solar system / _cJacques Crovisier and Thérèse Encrenaz ; translated by Stephen Lyle ; foreword by Maurice Bonnet. |
| 264 | 1 |
_aCambridge ; _aNew York : _bCambridge University Press, _c2000. |
|
| 300 |
_axiii, 173 pages : _billustrations (some color) ; _c26 cm |
||
| 336 |
_2rdacontent _atext _btxt |
||
| 337 |
_aunmediated _2rdamedia _bn |
||
| 338 |
_avolume _bnc _2rdacarrier |
||
| 504 | _aIncludes bibliographical references and index. | ||
| 546 | _aText in English ; translated from the original French. | ||
| 650 | 7 |
_aComets. _2BUEsh |
|
| 655 | _vReading book | ||
| 700 | 1 |
_aEncrenaz, Thérèse, _d1946- _eauthor. |
|
| 700 | 1 |
_aLyle, Stephen, _etranslator. |
|
| 700 | 1 |
_aBonnet, Maurice, _eauthor of introduction, etc. |
|
| 856 | 4 | 1 |
_3Sample text _uhttp://www.loc.gov/catdir/samples/cam032/99019612.html |
| 856 | 4 | 2 |
_3Publisher description _uhttp://www.loc.gov/catdir/description/cam029/99019612.html |
| 856 | 4 | 1 |
_3Table of contents _uhttp://www.loc.gov/catdir/toc/cam021/99019612.html |
| 906 |
_a7 _bcbc _corignew _d1 _eocip _f19 _gy-gencatlg |
||
| 942 |
_2ddc _cBB |
||
| 999 |
_c11822 _d11822 |
||